000 01006nam a2200241 a 4500
001 000047166
005 20201002053419.0
008 180418s2017 dr ac 000 0 spa d
020 _a9789945124651 (v. 1)
020 _a9789945124675 (v. 2)
020 _a9789945124798 (v. 3)
040 _aDO-SdBNP
_bspa
_cBNPHU
082 _axxx
_bxxx
100 1 _aMartínez, Ciana
_974940
245 1 0 _aFrancais 3 :
_bniveau secondaire /
_cCiana Martínez.
260 _aSanto Domingo, :
_bsusaeta,
_c2017.
300 _a3 v. :
_bil., retrs. ;
_c30 cm.
500 _aIncluye libro del alumno, cuaderno de actividades y guía didáctica y solucionario.
505 0 _tCa se trouve oú? Oú ca? --
_tOú est-ce? C´est loin? --
_tUn voyage trés loin --
_tQuel temps fait-il? --
_tFaire un long voyage --
_tDes projets pour cette année --
_tQu´est-ce que vous êtes en train de faire? /
500 _aLibro de educación secundaria.
500 _aNuevo programa = Nouveau programme.
590 _aInventariado, 2018/ YL
999 _c46654
_d46654